Animals - Sudden Death - Statistics

General Stats
  • This quiz has been taken 4,511 times
    2,775 since last reset
  • The average score is 5 of 20
Answers on the Grid
Answers color-coded by a green-red scale on the quiz's grid according to % correct below.
Sponge
Osprey
Coral
Monarch
Fluke
Triton
Chiton
Nautilus
Tuatara
Springtail
Sea lily
Starfish
Booby
Abalone
Fly
Gharial
Queen
Louse
Chimaera
Ray
Yeast
Ginkgo
Amoeba
Cypress
Giardia
Yew
Pawpaw
Goldenrod
Cycad
Hornwort
Nightshade
Horsetail
Leek
Scallion
Lotus
Bok Choy
 
Answer Stats
Answer % Correct
Starfish
62%
Fly
61%
Osprey
39%
Ray
36%
Sponge
35%
Coral
33%
Monarch
32%
Booby
30%
Louse
26%
Nautilus
26%
Abalone
20%
Springtail
18%
Chimaera
14%
Fluke
12%
Gharial
12%
Tuatara
12%
Sea lily
10%
Triton
7%
Chiton
6%
Queen
6%
No matching quizzes found
Score Distribution
Percent of People with Each Score
Percentile by Number Answered
Your Score History
You have not taken this quiz since the last reset